| 000 | 00355nam a2200133Ia 4500 | ||
|---|---|---|---|
| 008 | 240624s9999 xx 000 0 und d | ||
| 041 | _aeng | ||
| 082 | _a338.954 MAR | ||
| 100 | _aMARJIT SUGATA | ||
| 245 | _aOUTSIDERS ECONOMIC REFORM AND INFORMAL L | ||
| 260 |
_c2011 _aNew Delhi _bOxford University Press |
||
| 300 | _a218 : p. : cm. ; 22 | ||
| 365 | _cRS | ||
| 999 |
_c17412 _d17412 |
||